| 000 | 01697nam a2200421 i 4500 | ||
|---|---|---|---|
| 001 | 28808 | ||
| 003 | KOSZ 005 | ||
| 005 | 20200615103225.0 | ||
| 008 | s1989 pl a f |000 0 pol | ||
| 020 | _a8301084103 | ||
| 040 |
_cKOSZ 005 _aKOSZ 005 _dKOSZ 005/EG |
||
| 041 |
_apol _beng _brus |
||
| 080 | _a664 | ||
| 245 | 0 | 0 |
_aBudowa i eksploatacja maszyn w przemyśle spożywczym. _nCz. 1 / _c[kom. red. Józef Grochowicz, Stanisław Dąbrowski, Zdzisław Rzezicki]. |
| 246 | 3 | 1 | _aStroitel'stvo i ekspluatacija mašin v piščevoj promyšlennosti |
| 260 |
_aWarszawa : _bPaństwowe Wydaw. Naukowe, _c1989. |
||
| 300 |
_a183, [1] s. : _bfot., rys., wykr. ; _c24 cm. |
||
| 336 |
_2rdacontent _aTekst _btxt |
||
| 337 |
_2rdamedia _aBez urządzenia pośredniczącego _bn |
||
| 338 |
_2rdacarrier _aWolumin _bnc |
||
| 380 | _aKsiążki | ||
| 388 | _a1901-2000 | ||
| 388 | _a1945-1989 | ||
| 490 | 1 |
_aZeszyty Problemowe Postępów Nauk Rolniczych ; _vz.354 |
|
| 504 | _aBibliogr. przy rozdz. | ||
| 546 | _aTyt., spis treści i streszcz. ang. i ros. | ||
| 650 | 7 | _aPrzemysł rolno-spożywczy | |
| 650 | 7 | _aMaszyny i narzędzia rolnicze | |
| 658 | _aRolnictwo i leśnictwo | ||
| 658 | _aInżynieria i technika | ||
| 700 | 1 |
_aGrochowicz, Józef _d(1936- ) _eRedakcja |
|
| 700 | 1 |
_aDąbrowski, Stanisław _c(mechanizacja) _eRedakcja |
|
| 700 | 1 |
_aRzezicki, Zdzisław _eRedakcja |
|
| 710 | 2 |
_aPaństwowe Wydawnictwo Naukowe _4pbl |
|
| 830 |
_aZeszyty Problemowe Postępów Nauk Rolniczych ; _vz. 354 |
||
| 856 |
_uhttp://koha.tu.koszalin.pl/cgi-bin/koha/opac-detail.pl?biblionumber=28808 _yKatalog online BPK |
||
| 942 |
_cKS _2UKD |
||
| 999 |
_c28808 _d28808 |
||